000 01054nam a22003257a 4500
003 CHAP
005 20220329134658.0
008 971013s1958 r 00010 d
010 _a24117
011 _a25089
035 _a29189
040 _cCHAP
090 _aFolleto 5799
100 0 0 _aBribiesca Castrejón, José Luis.
_915302
245 _aHidrología histórica del Valle de México
260 _aMéxico, D. F. :
_bSociedad Mexicana de Geografía y Estadística,
_c(1958)
300 _a14 h. mapa
590 _aBATCH-UPD
_b10
_c20130110
_lUCH01
_h0226
590 _aBATCH-UPD
_b10
_c20130110
_lUCH01
_h0912
590 _aBATCH-UPD
_b10
_c20130409
_lUCH01
_h2249
590 _aBATCH-UPD
_b10
_c20130410
_lUCH01
_h1307
590 _aBATCH-UPD
_b10
_c20130914
_lUCH01
_h0749
590 _aCONVERSION
_b10
_c20130109
_lUCH01
_h1314
650 1 4 _aControl de avenidas.
_927591
650 1 4 _aHidrología.
_955257
650 1 4 _aLluvia
_xValle de México.
_967341
901 _aBK
942 _cFOLL
949 _aFolleto 5799
_bBC
_cFOLL
_d-67367
_eTS1
_i29189
_si
999 _c24117
_d24117